Statistics for Countries That Start With "S" With More Than 10 Million People

Click here to take the quiz!

General Stats

  • This quiz has been taken 146 times
  • The average score is 8 of 10

Answer Stats

PopulationCountry% Correct
41,176,000Sudan
90%
50,801,405South Korea
87%
46,812,000Spain
84%
11,079,000Somalia
83%
55,908,000South Africa
83%
12,131,000South Sudan
83%
32,248,000Saudi Arabia
72%
14,799,859Senegal
71%
20,966,000Sri Lanka
65%
18,564,000Syria
65%

Score Distribution

Percentile by Number Answered

Percent of People with Each Score

Your Score History

You have not taken this quiz